| 000 | 00542nam a2200169Ia 4500 | ||
|---|---|---|---|
| 003 | SGT | ||
| 020 | _a9788177587746 | ||
| 082 |
_a5.8 _bSTA |
||
| 100 | _aStallings, William | ||
| 245 | _aCryptography and network security : principles and practice | ||
| 250 | _a4th Ed. | ||
| 260 |
_bPearson _aN.Delhi _c2008 |
||
| 300 | _a680p. | ||
| 650 | _aCOMPUTER SCIENCE | ||
| 653 | _aINTRODUCTION ONE SYMMETRIC CIPHERS,FINITE FIELDS,ADVANCED ENCRYPTION STANDARD,PUBLIC-KEY CRYPTOGRAPHY AND RSA,ELECTRONIC MAIL SECURITY,IP SECURITY, | ||
| 942 |
_2ddc _cBK |
||
| 999 |
_c5683 _d5683 |
||